| 000 | 00864nam a2200253Ia 4500 | ||
|---|---|---|---|
| 003 | OSt | ||
| 005 | 20220928114157.0 | ||
| 006 | a|||||r|||| 00| 0 | ||
| 007 | ta | ||
| 008 | 220927b |||||||| |||| 00| 0 eng d | ||
| 020 | _cUSD 75.00 | ||
| 024 | _a142780 | ||
| 037 |
_b14202, 03/01/2020, Elite Publishers Distributors _cTextual |
||
| 040 |
_aSDCL _cSDCL _beng |
||
| 041 |
_2eng _aeng |
||
| 082 | _aX:78.1'P, Q9 | ||
| 100 |
_aOcampo Jose Antonio Ed. _9437327 |
||
| 245 | 0 |
_aInternational policy rules and inequality _b Implications for global economic governance |
|
| 260 |
_aNew York _b Columbia University Press _c2019 |
||
| 300 |
_aviii,291p. _ccm. |
||
| 650 |
_aBusiness Economics _9391653 |
||
| 942 |
_hX:78.1'P, Q9 _cTEXL _2CC |
||
| 999 |
_c753277 _d753277 |
||